000
00199 a2200097 4500
020
_a
9781423102014
041
_a
eng
100
_a
Julie Aigner Clark
245
_a
My first book of Numbers
942
_c
K
999
_c
30669
_d
30667